Statistics for Biggest Countries with No McDonald's

Click here to take the quiz!

General Stats

  • This quiz has been taken 16,733 times
    (16,443 since last reset)
  • The average score is 13 of 22

Answer Stats

Population Country % Correct
201 milNigeria
82%
86.8 mD.R. Congo
78%
82.9 mIran
75%
112 mEthiopia
71%
42.8 mSudan
69%
25.7 mNorth Korea
66%
52.6 mKenya
65%
43.0 mAlgeria
65%
58.0 mTanzania
60%
163 mBangladesh
59%
38.0 mAfghanistan
58%
31.9 mAngola
56%
30.4 mMozambique
53%
44.3 mUganda
52%
30.4 mGhana
49%
54.0 mMyanmar
46%
29.2 mYemen
45%
27.0 mMadagascar
45%
25.9 mCameroon
44%
28.7 mNepal
41%
33.0 mUzbekistan
39%
25.7 mIvory Coast
38%

Score Distribution

Percentile by Number Answered

Percent of People with Each Score

Your Score History

You have not taken this quiz since the last reset